Železiarne Podbrezová vymazali z účtovníctva stratu z minulých rokov

Hospodárenie Železiarní Podbrezová (ŽP), a.s. v posledných rokoch bez straty. Reštrukturalizácia spoločnosti priniesla firme zisky. Zisk plánovaný na r. 2001. Vývoz do krajín Európskej únie. Nespokojnosť zástupcu minoritného akcionára. Zvýšenie úrovne vyplácaných dividend za r. 2000. Odbúranie neefe...

Descrizione completa

Salvato in:
Dettagli Bibliografici
Autore principale: Hrúz, Juraj
Natura: Capitolo di libro
Lingua:slovacco
Soggetti:
Tags: Aggiungi Tag
Nessun Tag, puoi essere il primo ad aggiungerne!!

MARC

LEADER 00000naa a2200000 4500
001 r041652
005 20230921110913.5
041 0 |a slo 
044 |a SK 
245 1 0 |a Železiarne Podbrezová vymazali z účtovníctva stratu z minulých rokov  |c Juraj Hrúz 
520 |a Hospodárenie Železiarní Podbrezová (ŽP), a.s. v posledných rokoch bez straty. Reštrukturalizácia spoločnosti priniesla firme zisky. Zisk plánovaný na r. 2001. Vývoz do krajín Európskej únie. Nespokojnosť zástupcu minoritného akcionára. Zvýšenie úrovne vyplácaných dividend za r. 2000. Odbúranie neefektívnych činností. Hospodárenie Železiarní Podbrezová od r. 1996. 
610 2 0 |a hospodárenie finančné 
610 2 0 |a hospodárenie podnikové 
610 2 0 |a zisk 
610 2 0 |a reštrukturalizácia 
610 2 0 |a akcionári 
610 2 0 |a dividendy 
610 2 0 |a vývoz 
610 2 0 |a Európska únia 
610 2 0 |a Železiarne Podbrezová, a.s. 
610 2 0 |a 1996-2001 
100 1 |a Hrúz, Juraj